Composite laminate design and optimization using genetic algorithm (Record no. 322890)

000 -LEADER
fixed length control field 00388 a2200133 4500
001 - CONTROL NUMBER
control field 87817
082 ## - DEWEY DECIMAL CLASSIFICATION NUMBER
Classification number PR 194
090 ## - LOCALLY ASSIGNED LC-TYPE CALL NUMBER (OCLC); LOCAL CALL NUMBER (RLIN)
-- 41279
-- 41279
100 ## - MAIN ENTRY--PERSONAL NAME
Personal name Naeem Iqbal, Plt Off 15877 72 EC
245 ## - TITLE STATEMENT
Title Composite laminate design and optimization using genetic algorithm
260 ## - PUBLICATION, DISTRIBUTION, ETC.
Place of publication, distribution, etc. Risalpur
Name of publisher, distributor, etc. NUST Risalpur
Date of publication, distribution, etc. 2012
300 ## - PHYSICAL DESCRIPTION
Extent 60p.
Accompanying material Farrukh Mazhar, Sqn Ldr
500 ## - GENERAL NOTE
General note BE Project Reports
942 ## - ADDED ENTRY ELEMENTS (KOHA)
Institution code [OBSOLETE] CAE NUST
Call number prefix PR 194
Holdings
Withdrawn status Lost status Damaged status Not for loan Collection code Permanent Location Current Location Date acquired Total Checkouts Full call number Barcode Date last seen Price effective from Koha item type
          College of Aeronautical Engineering (CAE) College of Aeronautical Engineering (CAE) 04/03/2017   PR 194 CAEPR-194 04/05/2017 04/05/2017 Book
© 2023 Central Library, National University of Sciences and Technology. All Rights Reserved.